[Event "GER-ch 76th"]
[Site "Altenkirchen"]
[Date "2005.02.20"]
[Round "3"]
[White "Ljubarskij, Jurij"]
[Black "Meister, Jakob"]
[Result "0-1"]
[WhiteElo "2348"]
[BlackElo "2519"]
[Annotator "Bangiev,A"]
[PlyCount "72"]
[EventDate "2005.02.18"]
[EventType "swiss"]
[EventRounds "9"]
[EventCountry "GER"]
[SourceTitle "CBM 106"]
[Source "ChessBase"]
[SourceDate "2005.06.06"]
[SourceVersion "1"]
[SourceVersionDate "2005.06.06"]
[SourceQuality "1"]

1. e4 c5 2. Nc3 g6 3. f4 Bg7 4. Nf3 Nc6 {[%csl Ge4,Gf7][%cal Ye4f5,Ye6f7]} 5.
Bb5 (5. Bc4 {[%cal Ye6f7]} e6 $1 {[%cal Ye6f7,Ye4f5]}) 5... Nd4 6. a4 (6. Bc4 {
[%csl Gf7][%cal Ye6f7]}) 6... b6 {[%csl Ge4][%cal Ye4f5]} 7. d3 {[%cal Ye4f5]}
Bb7 {[%csl Gb7,Gf7][%cal Ye6f7] Die Felder f7,e6 sind nicht genügend gedeckt,
Weiß soll verstärkt die weißfeldrige Initiative entfalten. /\f5, Plan: 0-0
gefolgt von Nxd4 und f5.} 8. O-O {[%csl Gf7]} e6 {Weiß: Nd4 verteidigt die
weißen Felder; /\Nxd4} 9. Nxd4 cxd4 10. Ne2 {[%cal Ye4f5] /\f5} Ne7 {[%csl Ge4,
Gf7][%cal Ye4f5] Schwarz deckt damit das Feld f5; /\Ng3 + f5} 11. Ng3 Qc7 (
11... f5 $5) 12. Bd2 $2 {Ein harmloser Zug. Der Vorstoß f5 ist für Weiß
Pflicht.} (12. f5 $5 {Der obligatorische Vorstoß. Nur durch den Abtausch von
Bauern e6, bzw. g6 kann Weiß die weißen Felder in d5-Raum schwächen. Beide
Parteien müssen nun sehr genau spielen, die entstehenden Varianten sind recht
kompliziert.} gxf5 (12... Be5 13. fxe6 fxe6 14. Qg4 O-O-O 15. Bg5 Rde8 16. a5
$36) (12... a6 13. f6) 13. Bf4 $5 {Dies soll Weiß ermöglichen, den Ng3, der
eine wichtige Rolle in der Stellung spielt, zu sichern.} (13. Qh5 Be5 (13...
O-O-O 14. Qxf7) 14. exf5 (14. Bg5 Bxg3 15. Bxe7 Kxe7 $17) 14... O-O-O {s. 13.
ef5}) (13. exf5 Be5 $1 {[%csl Ge4,Gf7] /\0-0-0} (13... O-O-O 14. f6) (13... a6
14. f6) 14. Qh5 {[%csl Ge4,Gf7][%cal Ye4f5]} (14. fxe6 fxe6 15. Qh5+ Ng6 16.
Ne4 a6 $17) (14. Qg4 Rg8) 14... O-O-O $1 {[%csl Gf7]} (14... a6 15. fxe6) 15.
fxe6 (15. Qxf7 Bxg3) 15... fxe6 (15... dxe6 16. Qxf7 Bxg3 17. hxg3 Nd5 (17...
Qxg3 $2 18. Qxe6+) 18. Qxe6+) 16. Bg5 Rde8 17. Rf7 (17. Ne4 Nf5 $132) (17. Bf6
Bxf6 18. Rxf6 Qxc2 19. Rf2 Qc5) (17. Bxe7 Rxe7 18. Ne4 a6 $17) 17... Bxg3 18.
Bxe7 $13 Rxe7 19. Rxe7 Qxc2 20. Qh3 Bf2+ 21. Kh1 Qxb2 22. Rf1 Rg8 23. Rxd7
Bxg2+ 24. Qxg2 Rxg2 25. Kxg2 $11) 13... Be5 (13... Qc5 14. exf5) 14. Bxe5 Qxe5
15. exf5 {[%csl Gf7]} O-O-O 16. Qh5 Rhg8 17. Rf2 {/\Raf1}) 12... a6 13. Bc4 (
13. f5 $2 gxf5 14. exf5 axb5 15. f6 Bxf6 16. Rxf6 bxa4) 13... d5 $1 {[%csl Ge4]
} 14. Bb3 (14. exd5 $142 Nxd5 15. Ne4) 14... dxe4 15. dxe4 {[%csl Ge4] Pe4
wird nun zum Angriffsziel für Schwarz.} (15. Nxe4 $142) 15... h5 $1 {[%csl Ge4,
Gg2] Die Felder g2,e4 sind angegriffen. (Der Bb3 steht nun völlig falsch), /
\h4 gefolgt von h3. Weiß soll nun zur Verteidigung übergehen.} 16. Qe2 {
[%csl Ge4]} (16. f5 {es ist zu spät} h4) 16... h4 17. Nh1 h3 $1 {[%csl Ge4,Gg2]
[%mdl 160]} 18. g4 {Die Heftigkeit des Kampes!} (18. g3 $142 {/\Nf2}) 18... Qc6
(18... Rh4 19. Ng3 Qc5 20. Kh1 f5) (18... a5 $5 {/\Ba6}) 19. Ng3 {[%csl Gg2]} (
19. Nf2 f5) 19... Bf6 $6 {/\Bh4} (19... f5 $1 20. Rae1 (20. gxf5 gxf5 21. Rae1
Bf6) 20... Rh4 (20... O-O-O 21. Qc4) 21. gxf5 gxf5 22. Bb4 $1 {/\Bd5; /\Be7
gefolgt von Nd5} (22. Bd5 exd5 23. exd5 Qd6 24. Qxe7+ Qxe7 25. Rxe7+ Kxe7 26.
Nxf5+ Kd7 27. Nxh4 Bxd5 $15) (22. Qc4 Qxc4 23. Bxc4 Rc8) 22... Bf6 (22... Rg4
23. Bxe7 Kxe7 24. Bd5 $1) 23. Nh5 Bh8 (23... Kf7 24. Nxf6 Kxf6 25. Bxe7+ Kxe7
26. Bd5 $8 $132) 24. Bd5 (24. Ng3) 24... Nxd5 25. exd5 Qxd5 26. Qxe6+ Qxe6 27.
Rxe6+ Kd7 $15) 20. g5 d3 $6 21. cxd3 {[%csl Ge4] Der Punkt e4 ist nun
verstärkt. Pb2 spielt keine wichtige Rolle} Bxb2 22. Ra2 (22. Rab1 Bd4+ 23. Be3
$14) 22... Bd4+ 23. Kh1 (23. Be3 $142 $14) 23... Qd7 24. Rc2 Nc6 25. Rfc1 Rd8
$15 26. Bc4 Bc5 27. Qf1 Nd4 28. Bc3 $2 Nxc2 29. Bxh8 Ne3 30. Qxh3 Nxc4 31. dxc4
Qxa4 32. Qf1 Rd2 $19 33. Bf6 (33. Bc3 $142 Rc2) 33... Qb3 (33... Qa3 $142) 34.
Bc3 Rc2 35. Rxc2 Qxc2 36. Qe1 Bf2 0-1

[Event "Lee Cup 4th"]
[Site "Beijing"]
[Date "1997.08.27"]
[Round "4"]
[White "Qin, Kanying"]
[Black "Van Wely, Loek"]
[Result "1/2-1/2"]
[WhiteElo "2370"]
[BlackElo "2655"]
[Annotator "Bangiev,A"]
[PlyCount "139"]
[EventDate "1997.08.23"]
[EventType "swiss"]
[EventRounds "11"]
[EventCountry "CHN"]
[SourceTitle "CBM 061"]
[Source "ChessBase"]
[SourceDate "1997.11.23"]
[SourceVersion "1"]
[SourceVersionDate "1997.11.23"]
[SourceQuality "1"]

1. e4 c5 2. Nc3 d6 3. f4 g6 4. Nf3 Bg7 5. Bc4 e6 6. O-O Nc6 7. f5 exf5 8. d3
Nge7 9. Qe1 h6 10. Bd2 Ne5 $5 (10... Be6 {ist die Hauptvariante im diesem
Abspiel.} 11. Nd5 $5 (11. exf5 Bxf5 12. g4 Bxg4 13. Bxf7+ Kxf7 14. Ne5+ Kg8 15.
Nxg4 Qd7 16. Qg3 Ne5 17. h3 $13 Nxg4 18. hxg4 h5 19. gxh5 Rxh5 20. Ne4 Bd4+ 21.
Kg2 Kg7 22. Bg5 Nf5 {[#]} 23. Rxf5 gxf5 $2 (23... Qxf5 24. Rf1 Rxg5 $1 25. Nxg5
Qd5+ 26. Ne4 $14) 24. Bf6+ Kf8 25. Bxd4 fxe4 26. Rf1+ Rf5 27. Qg4 Rxf1 28. Qxd7
Rc1 29. Qxd6+ {1-0 Sznapik,A-Kuligowski,A/Warsaw 1978}) 11... O-O 12. Qh4 h5 (
12... g5 $2 13. Bxg5 hxg5 14. Nxg5 Re8 15. Qh7+ Kf8 16. Nxe6+ fxe6 17. Nf4 $16)
13. Bg5 Re8 14. Bb5 Bxd5 15. exd5 a6 16. dxc6 axb5 17. Rae1 Bf8 18. cxb7 Rb8
19. Re2 Qd7 20. Rfe1 Nc6 21. Rxe8 Rxe8 22. Rxe8 Qxe8 23. a4 Nb4 24. Qe1 Qb8 25.
Bd2 Nd5 26. axb5 Qxb7 27. Qe8 Qb6 28. Bh6 {1-0 Alvydas,K-Motta Nieto,D/
WchJM-U14 St.Lorenzo 1995/JUN 95}) (10... fxe4 11. dxe4 Be6 12. Bxe6 fxe6 13.
Qg3 Qd7 14. Rad1 O-O-O 15. Be3 b6 16. Nb5 d5 17. exd5 exd5 18. Bf4 Nf5 19. Qxg6
Nce7 20. Qg4 Qxb5 21. Rde1 h5 22. Qh3 Qd7 23. Ng5 Rde8 24. Ne6 Bh6 25. Bg5 Bxg5
26. Nxg5 Nd4 27. Qd3 Nef5 28. Rxe8+ Rxe8 29. c3 c4 30. Qh3 Ne2+ 31. Kh1 Ne3 32.
Rf7 Qxh3 33. gxh3 a5 34. h4 Nd1 35. Rh7 Nxb2 36. Nf7 Rg8 37. Ng5 Nxc3 38. h3
Ne4 39. Nf7 Nd3 40. Rxh5 Ng3+ {0-1 Nun,J-Priehoda,V/Prague Metro-B 1990}) 11.
exf5 (11. Nxe5 dxe5 12. Qf2 O-O 13. Qxc5 b6 14. Qf2 Bb7 15. a4 Kh7 16. a5 fxe4
17. dxe4 f5 18. Qe2 Nc6 19. exf5 gxf5 20. axb6 Nd4 21. Qf2 Qxb6 22. Na4 Qc6 23.
b3 Rf6 24. Nc3 Qc5 25. Be3 Rg6 26. g3 Rd8 27. Bxd4 Rxd4 28. Qxf5 Rf4+ {0-1
Ivanov,S-Lastin,A/St.Petersburg U18-qual 1993/EXT 93}) 11... Nxc4 $6 (11...
Bxf5 $5) 12. dxc4 Bxf5 13. Nd5 $1 {[%csl Yf6]} Kf8 {[%csl Yd5]} (13... Bxc2 $2
14. Bc3 $16 {[%csl Yf6]}) (13... Be6 $6 14. Bc3 $36 Nf5 (14... O-O $2 15. Bxg7
Kxg7 16. Qc3+ f6 17. Nxf6 $1 Rxf6 18. Ng5 $18) 15. Bxg7 Nxg7 16. Qc3 O-O 17.
Nf6+ Kh8 18. Nd2 $40) 14. Ne3 (14. Bc3 $6 Nxd5) 14... Be6 15. Rd1 Nc6 (15...
Bxb2 $2 16. c3) 16. Bc3 Qe7 17. Bxg7+ Kxg7 18. Qc3+ f6 (18... Kh7 19. Nd5 Bxd5
20. cxd5 $36 {[%csl Yf6,Yf7]}) 19. Nd2 {[%csl Yd6,Yf6] /\Ne4 -> f6,d6} (19. Nd5
$2 Bxd5 20. cxd5 Ne5 $17) 19... Rhf8 20. Ne4 {[%csl Yd6,Yf6]} Nd4 21. Rde1 $1 {
Nun kann Schwarz nicht mittels Nc6-e5 die e-Linie sperren.} (21. Ng3 Rae8 (
21... f5 $6 22. Ne2) 22. Rde1 Qf7 $15) 21... f5 (21... Rae8 $5) 22. Ng3 Rae8 $6
(22... Qh4 $5 23. Ne2 Kh7 $15) (22... f4 $2 23. Nd5) 23. Nd5 Qf7 24. Ne2 Bxd5 (
24... Kh7 25. Nxd4 cxd4 26. Qxd4 $11) 25. Nxd4 cxd4 26. Qxd4+ Qf6 27. Qxd5 (27.
Qxf6+ Kxf6 28. cxd5 b5 $5 29. Kf2 Re5 $15) 27... Qxb2 (27... Rxe1 $6 28. Rxe1
Qxb2 29. Re7+ Kh8 30. Qxd6 $13) 28. Rb1 Qe5 29. Rxb7+ Kf6 (29... Kh8 $6 30. Qd2
f4 31. Rxa7 Qc5+ 32. Qf2 Qxc4 $13) 30. Rd7 (30. Rxa7 $4 Qe3+) 30... Rd8 31.
Rxd8 (31. Rb7 $5) 31... Rxd8 32. Qd3 Qc5+ 33. Kh1 Re8 34. Rd1 Re4 35. h3 (35.
Qxd6+ Qxd6 36. Rxd6+ Ke7 37. Rd1 Rxc4 38. Rd2 Rb4 $15) 35... Ke6 36. Qg3 g5 37.
Rd5 Qb6 $15 38. Rd1 Qc5 39. Qf3 Kf6 40. Qc3+ Re5 41. Rd5 Qc6 42. Rd1 Ke6 43.
Qd3 Kd7 44. Rf1 Qc5 45. Qb3 Kc7 46. Qd3 h5 47. Qc3 Qa5 48. Qg3 Qd2 49. Qd3 Qxd3
50. cxd3 Ra5 51. h4 $5 (51. Kh2 h4 52. Rf2 f4 53. d4 Ra3 $15) 51... gxh4 (51...
g4 52. Kh2 (52. g3 Kd7 53. Rf2 Ke6 54. Rd2 Ke5 $15) 52... Kd7 53. Kg3 Ke6 $15)
52. Kh2 Rxa2 53. Rxf5 Rd2 54. Rxh5 Rxd3 55. Rxh4 a5 56. g3 $5 Kb6 (56... a4 57.
c5 Rd2+ 58. Kh3 a3 59. cxd6+ Kxd6 60. Ra4 a2 61. g4 $11) 57. Kh3 Re3 (57... a4
58. c5+ Kb5 59. cxd6 a3 60. Rh5+ Kb4 61. Rh8 Rxd6 62. Ra8 Rd5 63. g4 Ra5 64.
Rb8+ Kc3 65. Rc8+ $11) 58. Rd4 Kc6 59. Kh4 Re5 60. g4 Kc5 61. Rd3 a4 62. g5 Re6
63. Rg3 Kxc4 64. g6 Re8 65. g7 Rg8 66. Kh5 a3 67. Kh6 Kb4 68. Rg4+ Kb3 69. Rg3+
Kb2 70. Rg2+ 1/2-1/2

[Event "Lee Cup 4th"]
[Site "Beijing"]
[Date "1997.09.02"]
[Round "9"]
[White "Tong, Yuanming"]
[Black "Wang, Zili"]
[Result "1/2-1/2"]
[WhiteElo "2510"]
[BlackElo "2520"]
[Annotator "Bangiev,A"]
[PlyCount "92"]
[EventDate "1997.08.23"]
[EventType "swiss"]
[EventRounds "11"]
[EventCountry "CHN"]
[SourceTitle "CBM 061"]
[Source "ChessBase"]
[SourceDate "1997.11.23"]
[SourceVersion "1"]
[SourceVersionDate "1997.11.23"]
[SourceQuality "1"]

1. e4 c5 2. Nc3 Nc6 3. f4 e6 4. Nf3 Nge7 5. d4 cxd4 6. Nxd4 Nxd4 7. Qxd4 Nc6 8.
Qd2 $1 $146 {Eine neue sehr interessante Eröffnunsidee. Bislang war nur die
Züge 8.Qf2, 8.Qe3, 8.Qe3 anzutreffen. Weiß beabsichtigt die Entwicklung des
Damenflügel nach dem Schema b3,Bb2,0-0-0 harmonisch abzuschließen,
gleichzeitig wird der schwarze Vorstoß im Zentrun d7-d5 verhiendert.} (8. Qe3
Be7 9. Bd3 Nb4 10. a3 Nxd3+ 11. Qxd3 O-O 12. Be3 d6 13. O-O-O a6 14. h4 b5 15.
h5 Bb7 16. Bd4 e5 17. fxe5 dxe5 18. Bxe5 Qxd3 19. cxd3 b4 20. axb4 Bxb4 21.
Rhf1 Rae8 22. Bd4 Rd8 {Tirard,H-Stephan,A/Hamburg HSK-B 1996/EXP 55/1-0 (38)})
(8. Qd3 a6 9. Be3 b5 10. O-O-O Be7 11. g4 Bb7 12. Bg2 d6 13. g5 Qa5 14. Kb1
O-O-O 15. Qd2 Rd7 16. Qf2 Bd8 17. h4 Bc7 18. Rd3 Nb4 19. Rd2 Kb8 20. Rhd1 Rhd8
21. a3 Nc6 22. Rd3 b4 23. Na2 Qb5 24. axb4 Nxb4 25. Rb3 a5 26. Bf1 {1-0
Bisguier,A-O'Kelly de Galway,A/Buenos Aires 1970/MCD-r7}) 8... a6 9. b3 b5 10.
Bb2 Bc5 $6 {[%csl Yg7]} (10... Bb7 11. O-O-O d6 12. h4 Qc7 13. h5 $36) 11.
O-O-O {Weiß steht nun aktiver und hat gute Aussichten am Königsflügel (man
beachte den schwachen Punkt g7!)} Qb6 {[%csl Ye3] /\Be3} 12. Kb1 O-O (12... Be3
13. Qd6 Bc5 14. Qd3 $14) 13. h4 $5 {[%csl Yg7] /\Rh3-g3 -> g7} Be3 14. Qd6 f5
$5 {[%csl Yf4] Die mutige Entscheidung. Schwarz möchte die Diagonalle a1-h8
mittels e4-e5 sperren lassen, oder den Pf4 gewinnen.} (14... Bc5 15. Qd3 $14)
15. Rh3 $1 {/\Rg3} (15. e5 $2 Bxf4) 15... fxe4 16. Rg3 {[%csl Rg7] Der Punkt
g7 ist schon angegriffen.} Bxf4 $1 (16... Rf7 17. Nxe4 Bxf4 18. Rxg7+ Rxg7 19.
Nf6+ Kf7 20. Qxf4 $18) 17. Rxg7+ $1 {Ein bekanntes Motiv. Eine Alternative
besteht allerdins in 17.Nd5} (17. Nd5 Bxd6 $8 (17... Bxg3 18. Qxg3 $18) 18.
Rxg7+ Kh8 19. Nxb6 Be5 $1 (19... Ne5 $2 20. Rg5) (19... e5 20. Nxc8 Raxc8 21.
Rxd7 $14) 20. Bxe5 Nxe5 21. Rg5 Rb8 22. Rxe5 Rxb6 23. Rxe4 Bb7 $11) (17. Nxe4
$2 Bxg3 18. Qxg3 e5 $19) 17... Kxg7 18. Nd5+ Kg8 19. Qxf8+ (19. Nxf4 Qb8 $17)
19... Kxf8 20. Nxb6 Rb8 21. Nxd7+ Bxd7 22. Rxd7 $14 Rd8 $1 {Aktiv postierte
gegnerische Figur soll getauscht werden.} 23. Rxd8+ Nxd8 24. Ba3+ (24. a4 $5
bxa4 25. bxa4 (25. Ba3+ Kf7 26. bxa4 a5 27. c4 Nc6 $132) 25... a5 26. Bc3 Bc7
27. Kc1 (27. g4 $5) 27... Ke7 28. Kd2 Kd6 29. g4 Nc6 $132) 24... Kf7 25. c4 $5
bxc4 26. Bxc4 a5 27. Bc5 Nc6 28. Bb6 Bd2 29. Kc2 Be1 30. Bb5 Ne7 31. Kd1 Bb4
32. a3 Bxa3 33. Bxa5 Nf5 34. Bc6 Ne3+ 35. Ke2 Nxg2 36. Bxe4 Nxh4 37. Bxh7 Ng6
38. Bc3 e5 39. Kf3 Kg7 40. Bxg6 Kxg6 41. Ke4 Kf6 42. Kd5 Ke7 43. Bxe5 Kd7 44.
Bd4 (44. Kc4 Kc6 $11) 44... Kc7 45. Bc5 Bc1 46. b4 Kb7 1/2-1/2

[Event "Lee Cup 4th"]
[Site "Beijing"]
[Date "1997.08.30"]
[Round "6"]
[White "Landa, Konstantin"]
[Black "Zhu, Chen"]
[Result "0-1"]
[WhiteElo "2560"]
[BlackElo "2515"]
[Annotator "Bangiev,A"]
[PlyCount "74"]
[EventDate "1997.08.23"]
[EventType "swiss"]
[EventRounds "11"]
[EventCountry "CHN"]
[SourceTitle "CBM 061"]
[Source "ChessBase"]
[SourceDate "1997.11.23"]
[SourceVersion "1"]
[SourceVersionDate "1997.11.23"]
[SourceQuality "1"]

1. e4 c5 2. Nc3 d6 3. f4 Nc6 4. Nf3 g6 5. Bb5 Bg7 6. O-O Bd7 7. d3 a6 8. Bxc6
Bxc6 9. Qe1 Nh6 (9... Qd7 10. a4 (10. Bd2 e6 11. a4 b6 12. Kh1 Ne7 13. Qh4 O-O
14. a5 b5 15. Rae1 f5 16. Qh3 Rae8 17. b3 h6 18. Rf2 b4 19. Nd1 Bb7 20. Rfe2
Nc6 21. Re3 Qf7 22. R3e2 Nxa5 23. e5 Bxf3 24. Qxf3 d5 {Linsky,O-Filion,C/
Quebec Invitation 1997/EXP 58/0-1 (54)}) 10... b6 11. b3 Nf6 12. h3 Nh5 13. Bd2
f5 14. exf5 gxf5 15. Qh4 Nf6 16. Rae1 O-O-O 17. a5 b5 18. b4 cxb4 19. Na2 Nd5
20. Nxb4 Bf6 21. Qf2 Nxb4 22. Bxb4 Rhg8 23. Re2 Rg6 24. Qe1 {Ljubojevic,
L-Kasparov,G/Linares 1991/CBM 22/[Anand]/0-1 (43)}) 10. f5 Qd7 (10... Ng4 11.
h3 Ne5 12. Nxe5 Bxe5 13. Bf4 Bf6 14. e5 dxe5 15. Bxe5 Bxe5 16. Qxe5 Qd4+ 17.
Qxd4 cxd4 18. Ne2 gxf5 19. Nxd4 e6 20. Nxc6 bxc6 21. Rae1 Kd7 22. Rf4 Rab8 23.
b3 Kd6 24. Rd4+ Kc7 25. Kf2 {Njobvu,I-Ahmed,A/Erevan olm 1996/EXT 96ch2/1-0 
(94)}) 11. Qg3 $14 Ng8 12. Qh3 Nf6 13. Bh6 Bxh6 14. Qxh6 O-O-O 15. Rae1 Rhg8 {
/\16...gf5} 16. Nh4 {Weiß muß die Öffnung der Diagonale h1-a8 und gleichzeitig
der g-Linie verhindern.} (16. Ng5 gxf5 $1) 16... Ng4 (16... g5 17. Nf3) (16...
gxf5 17. Nxf5) (16... d5 $6 17. exd5 Nxd5 18. fxg6 fxg6 19. Rf7 $36) 17. Qd2
Ne5 18. a3 gxf5 (18... g5 19. Nf3 $14) 19. Nxf5 Rg6 20. Ne2 e6 21. Ne3 f5 $5 (
21... Rdg8 22. Nf4 Rg5 23. b4 $13) 22. Nf4 Rgg8 23. exf5 {Schwarz hat sein
Ziel erreicht.} Nf3+ 24. Rxf3 Bxf3 25. fxe6 Qg7 26. Qf2 Bc6 27. e7 Rde8 28.
Nfd5 $5 Kb8 (28... Qxb2 $2 29. Nc4) (28... Bxd5 29. Nxd5 $16) 29. Qf4 $6 (29.
b4 $5) 29... Bxd5 $1 30. Qxd6+ Ka8 31. Qxd5 Qxe7 $15 32. c3 $2 (32. Re2 Rg5 33.
Qc4 Re5 34. Nd5 Qg5 $15) 32... Rg5 33. Qf3 Re5 $19 34. Kf2 Rf8 35. Nf5 Rxe1 36.
Nxe7 Rxf3+ 37. Kxe1 Re3+ 0-1

[Event "MK Cafe Cup-A"]
[Site "Koszalin"]
[Date "1999.08.03"]
[Round "1"]
[White "Degraeve, Jean Marc"]
[Black "Dworakowska, Joanna"]
[Result "1-0"]
[WhiteElo "2542"]
[BlackElo "2306"]
[Annotator "Bangiev,A"]
[PlyCount "59"]
[EventDate "1999.08.03"]
[EventType "swiss"]
[EventRounds "9"]
[EventCountry "POL"]
[SourceTitle "CBM 073"]
[Source "ChessBase"]
[SourceDate "1999.12.01"]
[SourceVersion "1"]
[SourceVersionDate "1999.12.01"]
[SourceQuality "1"]

1. e4 c5 2. Nc3 d6 3. f4 Nf6 4. Nf3 g6 5. Bc4 Bg7 6. e5 $5 {Die
Balinas-Variante.} (6. O-O) 6... dxe5 7. fxe5 Ng4 8. e6 f5 (8... fxe6 9. Ng5
$36) (8... Bxe6 9. Bxe6 fxe6 10. Ng5 $36) 9. h3 {[%mdl 8]} (9. d3 Nc6 10. Bf4
O-O 11. Qe2 a6 12. a4 b6 13. Nd5 Ra7 14. c3 Nf6 15. Nxf6+ Bxf6 16. O-O Bb7 17.
Ng5 Na5 18. Nf7 Qc8 19. Ba2 Nc6 20. Bh6 Re8 21. Rxf5 Nd4 22. cxd4 gxf5 23. Qh5
Qc6 24. d5 Qxa4 25. Ng5 Qd4+ 26. Kh1 Rf8 27. Qf7+ {1-0 Balinas,R-Morris,W/Lone
Pine 1978/MCL (27)}) 9... Ne5 (9... Nf6 10. d3 Nc6 11. O-O Nd4 12. Ng5 $14) 10.
Nxe5 Bxe5 11. d3 (11. O-O $2 Qd4+) 11... Bg3+ (11... Nc6 12. O-O $14) 12. Kf1
Nc6 13. Be3 Qd6 (13... Nd4 $5) 14. Qf3 O-O $2 {[%mdl 8192]} (14... Be5 $142 15.
Nb5 Qd8 16. Bf4 (16. Bxc5 Bxb2 17. Rb1) 16... Bxf4 17. Qxf4 O-O 18. h4 $5 a6
19. Nd6 $5 (19. h5 axb5 20. hxg6 Qd4 21. Qh6 Qg7 $17) (19. Nc7 Ra7 20. h5 (20.
Nd5 Bxe6) 20... Qd4 $13) 19... Qb6 (19... exd6 $2 20. e7+) (19... Qxd6 20. Qxd6
exd6 21. e7+ $16) 20. Rb1 Nd4 21. Nxc8 Raxc8 22. h5 $40) 15. Bxc5 $1 Qxc5 16.
Qxg3 Qb6 17. Bb3 Nd4 18. Nd5 f4 (18... Qc5 19. Qe5 $1 $18) 19. Qg5 $18 Qd6 20.
Qxe7 Qxe7 21. Nxe7+ Kg7 22. Re1 Re8 23. Nd5 Rxe6 24. Rxe6 Nxe6 25. Kf2 Bd7 26.
Re1 Re8 27. c3 g5 28. d4 h5 29. Re5 Rf8 30. Nc7 1-0

[Event "CZE-ch"]
[Site "Luhacovice"]
[Date "2003.02.21"]
[Round "4"]
[White "Jirovsky, Milos"]
[Black "Babula, Vlastimil"]
[Result "1-0"]
[WhiteElo "2457"]
[BlackElo "2581"]
[Annotator "Bangiev,A"]
[PlyCount "121"]
[EventDate "2003.02.18"]
[EventType "tourn"]
[EventRounds "11"]
[EventCountry "CZE"]
[EventCategory "9"]
[SourceTitle "CBM 094"]
[Source "ChessBase"]
[SourceDate "2003.05.26"]
[SourceVersion "1"]
[SourceVersionDate "2003.05.26"]
[SourceQuality "1"]

1. e4 c5 2. Nc3 Nc6 3. Bb5 Nd4 4. Bc4 g6 5. Nf3 Bg7 6. Nxd4 cxd4 7. Qf3 Nh6 (
7... e6 $2 8. Nb5 $1) (7... Nf6 $5 8. Nb5 O-O 9. Nxd4 Ng4 $5 {mit schwarzer
initiative, ist aber noch nicht ausreichend untersucht.}) 8. Ne2 O-O 9. c3 $5 {
Die letzte weiße allerdings erfolgreiche Entdeckung (Siehe Statistik: 3 Siege
in 3 Partien). Wie die Praxis gezeigt hat, ist die übliche Fortsetzung 9.d3
wegen 9...Ng4! ein Problem für Weiß geworden.} dxc3 (9... e5 10. d3 d6 11. cxd4
exd4 12. h3 Be6 13. O-O Rc8 14. b3 {1-0 Tiviakov,S-Mista,A/Warsaw 2002/CB03 
(26)}) (9... e6 10. O-O f5 11. Nxd4 fxe4 12. Qxe4 Kh8 13. Bb3 d5 14. Qe2 e5 15.
Nc2 a5 16. Ne1 a4 17. Bc2 Nf5 18. d3 {1-0 Tiviakov,S-Cheparinov,I/Seville 2003/
CB01 (64)}) 10. dxc3 {[%mdl 8]} (10. bxc3 d6 11. d4 Qa5 12. O-O Ng4 13. Bd2 Nf6
14. Rab1 Qc7 15. Bb3 b6 16. Rfe1 Bb7 17. Nf4 e5 18. dxe5 dxe5 19. Nd5 Bxd5 20.
exd5 Qd6 21. c4 {1-0 Conquest,S-San Segundo Carrillo,P/Leon 2001/CBM 86 (47)})
10... d6 11. h3 $1 {Weiß bemüht sich den N auf h6 festzuhalten.} Be6 (11... Qc7
12. Bb3 Kh8) 12. Bxe6 $5 {Ein wichtiger Zug. Weiß ist bestrebt die weißen
Felder bzw. die Kontrolle des Schwarzen über die weißen Felder zu schwächen.
Er soll im Weiteren anstreben, die weißen Felder zu schwächen, in Folge
anzugreifen.} (12. Bd3 $5 d5 13. Nd4) 12... fxe6 13. Qg3 d5 (13... Nf7 $5) 14.
Bxh6 $1 {Logisch! Siehe Kommentar zum 12.Be6} (14. e5 $2 Nf5) 14... Bxh6 15. e5
$1 {Dies soll die Bauernschwäche auf e6 befestigen. /\Nd4} Qb6 16. O-O $5 {
[%mdl 512] Weiß opfert den Bauern b2. Er hat keine andere Wahl mehr.} (16. Rb1
Rxf2 $1 17. Qxf2 Bd2+ 18. Kf1 Rf8) 16... Qxb2 17. Nd4 {Als Kompensation für
den geopferten Bauern kann der Anziehende einen starken Druck auf die weißen
Felder ausüben.} Rac8 $6 (17... Bf4 18. Qg4 Qxc3 19. Qxe6+ Kh8 20. Rad1) (17...
Qb6 $5 18. Rab1 (18. Qg4 Rf4 19. Qxe6+ Qxe6 20. Nxe6 Rc4 $17) 18... Qa6 19. Qg4
Rfc8 (19... Rf4 $6 20. Qxe6+ Qxe6 21. Nxe6) 20. Rb3 Kf7 $13) 18. Nxe6 Rf5 (
18... Rxc3 $6 19. Qh4) 19. Qh4 Rxe5 20. Qxe7 Qxc3 21. Rac1 $1 Qxc1 22. Rxc1
Rxc1+ 23. Kh2 {Diese Stellung sollte Schwarz offenbar angestrebt haben, (nach
17...Rac8 ist sie zwangläufig entstanden), was sich schwer erklären lässt:
Weiß steht deutlich aktiver.} Rf5 (23... Rc8 24. Qxb7 Re8 25. Nd4 a5 26. Qb5
$14) 24. Qxb7 Re1 25. Qa8+ Kf7 26. Nd8+ Kg8 27. Ne6+ Kf7 28. Nd4 (28. Nd8+ Kg8
29. Ne6+ $11) 28... Rxf2 29. Qxd5+ Kf6 30. Kg3 Rf4 31. Qd8+ Kf7 32. Nf3 Re8 33.
Qd7+ Re7 34. Ne5+ Kf6 (34... Kf8 35. Qd8+ Re8 36. Qd6+ Kg8 37. Ng4 $16) 35.
Ng4+ Rxg4+ 36. Qxg4 $16 Be3 37. Qh4+ Ke6 38. Kf3 Bb6 39. Ke4 Rd7 40. Qg4+ Kd6
41. Qg3+ Ke6 42. Qb3+ Kf6 43. a4 Kg7 44. Qc3+ Kf7 45. Qh8 Ke6 46. a5 Bc7 47.
Qc8 Bd6 48. g4 Bc7 49. g5 Bd8 50. Qc6+ Rd6 51. Qe8+ Be7 52. h4 Rd8 53. Qc6+ Bd6
54. Qc4+ Ke7 55. Qc3 Rf8 56. Qe3 Ke6 57. Kd3+ Kd5 58. Qxa7 Rf3+ 59. Ke2 Ra3 60.
Qxh7 Ra2+ 61. Kd1 1-0